Tekvičky v Šalgótarjáne

Bibliographic Details
Main Author: Chren, Stanislav, 1935-1998 (Author)
Format: Article
Language:Slovak
PhysicalDescription:Obr. 1.
Subjects:

MARC

LEADER 00000nab a2200000 a 4500
001 vtls000081290
003 SK-MaSNL
005 20260304072040.0
008 250423c1981 xo 0 slo
015 |a SNBRB19rr/mm-uuuuu 
035 |a CL0091391 
035 |a urn:nbn:sk:snk-abdkr6 
035 |a (urnnbn)urn:nbn:sk:snk:ar-000scu 
035 |a (uuid)eb464bb6-677b-431f-b107-a3aeef2c1313 
040 |a SNKBUCL  |b slo  |c SNKBUCL  |e AACR2 
041 0 |a slo 
044 |a xo  |c SK 
080 |a 792.9  |2 1981 
100 1 |a Chren, Stanislav,  |d 1935-1998  |4 aut  |9 38256 
245 1 0 |a Tekvičky v Šalgótarjáne  |c Stano Chren 
300 |b Obr. 1. 
610 2 7 |a Strojárik (bábkarský súbor : Martin, Slovensko)  |2 snkbucl  |9 1044748 
648 7 |a 1981  |2 snkbucl  |9 279160 
650 0 7 |a bábkové divadlo  |2 snkbucl  |9 3309 
651 7 |a Salgótarján (Maďarsko)  |2 snkbucl  |9 74383 
655 7 |a články z novín a časopisov  |2 snkbucl  |9 267496 
773 0 |t Javisko  |g Roč. 13, č. 3 (1981), s. 161-162 
850 |a Slovenská národná knižnica 
852 |a Slovenská národná knižnica 
954 |a odborná, vedecká literatúra pôvodná (slovenská)  |2 lita 
958 |a article19 
958 |a OND 
958 |a EUIPO 
992 |a RBX 
999 |c 2764173  |d 2766103